| 000 | 00961nam a2200277 a 4500 | ||
|---|---|---|---|
| 001 | BRL_1325 | ||
| 005 | 20190320211141.0 | ||
| 008 | 060114s1992----u--aob####---#000-0#eng-# | ||
| 020 | _a0930741234 | ||
| 041 | _aeng | ||
| 044 | _au | ||
| 050 | 4 |
_aF1435.3.C69 _b.A48 1992 |
|
| 100 | 1 |
_aAltman, Patricia B. _d1917- _926529 |
|
| 245 | 1 | 0 |
_aThreads of identity _bmaya costume of the 1960s in highland Guatemala _cPatricia B. Altman and Caroline D. West. |
| 260 |
_aLos Angeles, California _bFowler Museum of Cultural History, University of California, Los Angeles _c1992 |
||
| 300 |
_a190 p. _bil., mapas _c28 cm. |
||
| 500 | _aAu1556 | ||
| 504 | _aBibliografĂa: 183-186 | ||
| 650 | 1 | 4 |
_aMayas _xIndumentaria _926530 |
| 650 | 1 | 4 |
_aMayas _xIndustrĂa textil _926531 |
| 650 | 1 | 4 |
_aIndumentaria _xHistoria _ySiglo XX _zGuatemala _926532 |
| 650 | 1 | 4 |
_aTejido a mano _zGuatemala _926533 |
| 700 | 1 |
_aWest, Caroline D. _d1915- _926534 |
|
| 902 | _aGRL | ||
| 942 |
_2lcc _cB |
||
| 999 |
_c10137 _d10137 |
||